| 000 | 01011nam a22002897a 4500 | ||
|---|---|---|---|
| 001 | 5453 | ||
| 003 | FISKH | ||
| 005 | 20241209083816.0 | ||
| 008 | 241209b cb ||||| |||| 00| 0 eng d | ||
| 020 | _a9780763640781 | ||
| 040 |
_aFISKH _beng _cFISKH _dFISKH |
||
| 050 | _aPZ8.N6 | ||
| 082 | _a813.6 | ||
| 100 |
_aRoss Gary / _d(1956-) |
||
| 245 |
_aThe ordinary Mouse / _cThe Tale of Despereaux Based on the motion picture screenplay Based on the book by Kate DiCamillo |
||
| 250 | _aThis edition 2008 | ||
| 260 |
_aMassachusetts : _bCandlewick, _c2008. |
||
| 300 |
_a26 pages : _bcolor illustrations ; _c23 cm |
||
| 505 | _aL | ||
| 520 | _aThis is the story of Desperaux Tilling, an ususally small mouse who nonetheless is brave and curious, loves to read, makes friends with a rat, and is determined to rescue a princess. | ||
| 521 | 8 |
_a510L
_bLexile |
|
| 521 | 8 |
_aL
_bRaz-Plus |
|
| 650 |
_2Mouse _aAdventure |
||
| 650 |
_2Fiction _aChristmas Books |
||
| 942 |
_2ddc _cBK _n0 |
||
| 999 |
_c5453 _d5453 |
||